• 首页
  • 本馆介绍
  • 公告通知
  • 最新文献
  • 馆藏检索
  • 电子资源
  • 读者导购
  • 参考咨询
  • 我的图书馆
  • 登录
  • 详细信息显示
  • 放入我的书架
  • 预约/预借图书
  • 作者相关作品
  • 分类相关作品
  • 丛书相关作品
  • 出版社相关作品

书目信息

  • 表格格式
  • 工作单格式
  • 卡片格式
题名:
分析化学中的溶液平衡
    
 
作者: 休哈 , 柯特尔里 著 ;周锡顺 译
分册:  
出版信息: 北京   人民教育出版社  1979
页数: 459页
开本: 19cm
丛书名:
单 册:
中图分类: O645
科图分类:
主题词: 化学平衡-分析化学--高等学校--教学参考资料 , 物理化学 , 分析化学-化学平衡--高等学校--教学参考资料 , 量子化学
电子资源:
ISBN:
000 00986nam0 2200313 45
001 0179000156
005 20060816111552.26
010    @dCNY1.10
091    @a13012.0307
100    @a19950727d1979 em y0chiy0121 ea
101 1  @achi@ccze
102    @aCN@b110000
105    @ay z 000yy
200 10 @a分析化学中的溶液平衡@Afen xi hua xue zhong de rong ye ping heng@f(捷)L·休哈,(捷)S·柯特尔里著@F(jie)L·xiu ha,(jie)S·ke te er li zhu@g周锡顺译
210    @a北京@c人民教育出版社@d1979
215    @a459页@d19cm
300    @a高等学校教学参考书
510 1  @aSolution equilibria in analytical chemistry@zcze
606    @a化学平衡-分析化学@x高等学校@x教学参考资料
606 0  @a物理化学
606    @a分析化学-化学平衡@x高等学校@x教学参考资料
606 0  @a量子化学
610 0  @a溶液平衡
690    @aO645@v4
701  0 @a休哈@Axiu ha@4著
701  0 @a柯特尔里@Ake te er li@4著
702  0 @a周锡顺@Azhou xi shun@4译
801  0 @aCN@bNLC@c20060816
905    @dO645@e3
    
    分析化学中的溶液平衡/(捷)L·休哈,(捷)S·柯特尔里著/周锡顺译.-北京:人民教育出版社,1979
    459页;19cm
    高等学校教学参考书
    
    ISBN :CNY1.10
    
●
相关链接 在E读中查询图书 在五车中查询图书 在当当中查询图书 在豆瓣中查询图书


正题名:分析化学中的溶液平衡     索取号:O645/3         预约/预借

序号 登录号 条形码 馆藏地/架位号 状态 备注
1 0032468   001942376   第三借阅区/ [索取号:O645/3] 在馆    
2 0032469   000343113   第二样本阅览室/ [索取号:O645/3] 在馆    
3 0420918   204209187   密集书库/ [索取号:O645/3] 在馆    
4 0420919   204209196   密集书库/ [索取号:O645/3] 在馆    
5 0420920   204209203   密集书库/ [索取号:O645/3] 在馆    
6 0434378   204343781   密集书库/ [索取号:O645/3] 在馆    
7 0447039   204470394   密集书库/ [索取号:O645/3] 在馆    
8 0461865   204618654   密集书库/ [索取号:O645/3] 在馆    
唐山师范学院图书馆 欢迎您!
大连网信软件有限公司© 版权所有